[Event "Niskayuna op"]
[Site "Niskayuna"]
[Date "2003.04.12"]
[Round "3"]
[White "Aaron, Deepak"]
[Black "Gillis, James L"]
[Result "0-1"]
[WhiteElo "766"]
[BlackElo "1516"]
[PlyCount "66"]
[EventDate "2003.04.12"]
[EventType "swiss"]
[EventRounds "4"]
[EventCountry "USA"]
[SourceTitle "EXT 2008"]
[Source "ChessBase"]
[SourceDate "2007.11.25"]
[SourceVersion "1"]
[SourceVersionDate "2007.11.25"]
[SourceQuality "1"]

1. e4 c5 2. Nc3 g6 3. Nf3 Bg7 4. Bc4 e6 5. 0-0 Nc6 6. d3 Nge7 7. Be3 b6 8. h3 0-0 9. Bg5 Qe8 10. d4 Nxd4 11. Nxd4 Bxd4 12. Nb5 Be5 13. Bf6 Bxf6 14. Nc7 Qd8 15. Nxa8 Bb7 16. Nxb6 axb6 17. Re1 Bxb2 18. Rb1 Bd4 19. e5 Nc6 20. Qd2 Nxe5 21. Bb5 Qh4 22. c3 Nf3+ 23. gxf3 Bxf3 24. Kh2 Bg4 25. Bf1 Bxf2 26. Re3 Bf5 27. Rxb6 Qf4+ 28. Kg2 Bxe3 29. Qe2 Be4+ 30. Qf3 Qxf3+ 31. Kh2 Qh1+ 32. Kg3 Qg1+ 33. Kh4 Bf2# 0-1